Normal view MARC view

Entry Nombre personal

Number of records used in: 2

001 - NÚMERO DE CONTROL

  • campo de control: 85920

003 - IDENTIFICADOR DE NÚMERO DE CONTROL

  • campo de control: SpMaBN

005 - FECHA Y HORA DE LA ÚLTIMA TRANSACCIÓN

  • campo de control: 20250816095018.0

008 - ELEMENTOS DE DATO DE LONGITUD-FIJA

  • campo de control de longitud fija: 921110nn ainnnaabn n aac d

016 ## - NÚMERO DE CONTROL DE UNA AGENCIA BIBLIOGRÁFICA NACIONAL

  • Número de control del registro: BNE19932129419

040 ## - FUENTE DE CATALOGACIÓN

  • Centro catalogador/agencia de origen: CHM
  • Lengua de catalogación: spa
  • Centro/agencia transcriptor: CHM

100 1# - ENCABEZAMIENTO-NOMBRE DE PERSONA

  • Nombre de persona: Nolla López, Eduardo

375 ## - GÉNERO/SEXO

  • Género: Masculino